| 000 | 00610nam a2200181Ia 4500 | ||
|---|---|---|---|
| 008 | 090630s9999 xx 000 0 und d | ||
| 082 | _b2277 | ||
| 100 | _aकेळकर न. चि. | ||
| 245 |
_aसुभाषित आणि विनोबा. _cकेळकर न. चि. |
||
| 260 |
_bनिळकंठ. _c1963 |
||
| 300 | _a150 | ||
| 600 | _aकेळकर न. चि. | ||
| 630 | _aसुभाषित आणि विनोबा. | ||
| 655 | _aइतर. | ||
| 700 | _aकेळकर न. चि. | ||
| 730 | _aसुभाषित आणि विनोबा. | ||
| 942 | _cBOOK | ||
| 999 |
_c254133 _d254133 |
||